LEADER 01396nas 2200481- 450 001 996362448803316 005 20230522213016.0 011 $a2673-2688 035 $a(DE-599)ZDB3001010-X 035 $a(OCoLC)1232533140 035 $a(CKB)4100000009750518 035 $a(CONSER)--2021242598 035 $a(EXLCZ)994100000009750518 100 $a20191125a20209999 o-- a 101 0 $aeng 135 $aur||||||||||| 181 $ctxt$2rdacontent 181 $csti$2rdacontent 182 $cc$2rdamedia 183 $acr$2rdacarrier 200 10$aAI 210 1$aBasel, Switzerland :$cMDPI,$d2019- 215 $a1 online resource 300 $aRefereed/Peer-reviewed 517 1 $aArtificial intelligence 531 0 $aAI 606 $aArtificial intelligence$vPeriodicals 606 $aComputer science$vPeriodicals 606 $aArtificial intelligence$2fast$3(OCoLC)fst00817247 606 $aComputer science$2fast$3(OCoLC)fst00872451 608 $aPeriodicals.$2fast 608 $aZeitschrift.$2gnd-content 608 $aPeriodicals.$2lcgft 615 0$aArtificial intelligence 615 0$aComputer science 615 7$aArtificial intelligence. 615 7$aComputer science. 676 $a004 712 02$aMolecular Diversity Preservation International, 906 $aJOURNAL 912 $a996362448803316 996 $aAI$91571547 997 $aUNISA LEADER 02637nam 2200601Ia 450 001 9910974206203321 005 20251116221026.0 010 $a1-61761-659-1 035 $a(CKB)2560000000067935 035 $a(EBL)3017913 035 $a(SSID)ssj0000416283 035 $a(PQKBManifestationID)12190779 035 $a(PQKBTitleCode)TC0000416283 035 $a(PQKBWorkID)10420788 035 $a(PQKB)11441213 035 $a(MiAaPQ)EBC3017913 035 $a(Au-PeEL)EBL3017913 035 $a(CaPaEBR)ebr10654884 035 $a(OCoLC)923654284 035 $a(BIP)27967440 035 $a(EXLCZ)992560000000067935 100 $a20091105d2010 uy 0 101 0 $aeng 135 $aur|n|---||||| 181 $ctxt 182 $cc 183 $acr 200 10$aDzhemilev reaction in organic and organometallic synthesis /$fVladimir A. D'yakonov 205 $a1st ed. 210 $aNew York $cNova Science Publishers$dc2010 215 $a1 online resource (106 p.) 225 0$aChemistry research and applications series 300 $aDescription based upon print version of record. 311 08$a1-60876-683-7 320 $aIncludes bibliographical references (p. [77]-89) and index. 327 $a""CONTENTS""; ""PREFACE""; ""INTRODUCTION""; ""HISTORY OF DISCOVERY""; ""ETHYLMAGNESIATION OF OLEFINS CATALYZED BY ZR COMPLEXES""; ""CATALYTIC CYCLOALUMINATION AND CYCLOMAGNESIATION OF OLEFINS, ACETYLENES, AND ALLENES MEDIATED BY MG OR ALALKYLS""; ""ON MECHANISM OF OLEFIN ETHYLMAGNESIATION AND CYCLOALUMINATION CATALYZED BY ZR COMPLEXES""; ""SYNTHESIS OF MACRO METALLACARBOCYCLES THROUGH THE CATALYTIC CYCLOMETALATION REACTION OF UNSATURATED COMPOUNDS""; ""CONCLUSION""; ""BIBLIOGRAPHY""; ""INDEX"" 330 $aA monograph that covers the data concerned the revealed first by Professor Dzhemilev phenomenon of catalytic replacement of transition metal atoms in metallacarbocycles by non-transition metal atoms to afford the said classes of organometallic compounds (OMC) and also the history of this discovery. 410 0$aChemistry Research and Applications 606 $aOrganometallic compounds$xSynthesis 606 $aPhase-transfer catalysis 606 $aTransition metals 615 0$aOrganometallic compounds$xSynthesis. 615 0$aPhase-transfer catalysis. 615 0$aTransition metals. 676 $a547.2 700 $aDiakonov$b Vladimir A$01867820 801 0$bMiAaPQ 801 1$bMiAaPQ 801 2$bMiAaPQ 906 $aBOOK 912 $a9910974206203321 996 $aDzhemilev reaction in organic and organometallic synthesis$94475542 997 $aUNINA